000 00667nam a2200229 a 4500
008
020 _a0471129585 (pbk.)
049 _aMAIN
090 _aQA76.9.C55
_bHAL
100 1 _aHall, Carl L.
245 1 0 _aBuilding client/server applications using TUXEDO /
_cCarl L. Hall.
260 _aNew York :
_bWiley,
_cc1996.
300 _axvi, 496 p. ;
_c24 cm.
504 _aIncludes bibliographical references.
650 0 _aClient/server computing.
630 0 0 _aTUXEDO System.
907 _a.b1004128x
_b28-08-12
_c17-04-03
003
005 20230123133208.0
040 _cNUST
942 _cBOOKS
_kQA76.9.C55
_mHAL
999 _c144399
_d144399